Introducción a la teoría general de la administración (Registro nro. 25643)
[ vista simple ]
| 000 -CABECERA | |
|---|---|
| Longitud fija campo de control | 00901nam a2200205 a 4500 |
| 003 - • IDENTIFICADOR DELl NÚMERO DE CONTROL | |
| Identificador del número de control | CO-ViMGA |
| 008 - • CÓDIGOS DE INFORMACIÓN DE LONGITUD FIJA | |
| Códigos de información de longitud fija | 141112s2004 ck r 000 u spa d |
| 020 ## - • NÚMERO INTERNACIONAL NORMALIZADO PARA LIBROS | |
| Número Internacional Normalizado para Libros (ISBN) | 9701027868 |
| 040 ## - FUENTE DE LA CATALOGACIÓN | |
| Centro catalogador de origen | CO-ViMGA |
| Lengua de catalogación | spa |
| Centro transcriptor | CO-ViMGA |
| 082 04 - • NÚMERO DE LA CLASIFICACIÓN DECIMAL DEWEY | |
| Número de clasificación (R) | 658.4 C441 5ed |
| 100 1# - • PUNTO DE ACCESO PRINCIPAL-NOMBRE DE PERSONA | |
| Nombre de persona | Chiavenato, Idalberto |
| 245 10 - • TITULO PROPIAMENTE DICHO | |
| Título | Introducción a la teoría general de la administración |
| 250 ## - • MENCIÓN DE EDICIÓN | |
| Mención de edición | 5 |
| 300 ## - • DESCRIPCIÓN FÍSICA | |
| Extensión | 1056.p. |
| 505 ## - • NOTA DE CONTENIDO CON FORMATO | |
| Nota de contenido con formato | Introducción a la teoría general de la administración Los orígenes de la administración Enfoque clásico de la administración Enfoque humanistico de la administración Enfoque neoclásico de la administración Enfoque estructuralista de la administración Del comportamiento en la administración Enfoque sistemico de la administración Enfoque situacional de la administracion |
| 650 14 - • PUNTO DE ACCESO ADICIONAL DE MATERIA - TÉRMINO DE MATERIA | |
| Término de materia o nombre geográfico como elemento inicial | ADMINISTRACION |
| 942 ## - ENTRADA DE ELEMENTOS AGREGADOS (KOHA) | |
| Fuente de clasificaión o esquema | Dewey Decimal Classification |
| Koha [por defecto] tipo de item | LIbro |
| Perdido | Fuente de clasificación o esquema | Estado Físico | No para préstamo | Forma de adquisición | Localización permanente | Localización actual | Fecha adquisición | Serie de enumeración / cronolog&íacute;a | Préstamos totales | Signatura completa | Código de barras | Fecha última consulta | Número de copia | Fecha del precio de reemplazo | Tipo de item de Koha | Localización en estanterías |
|---|---|---|---|---|---|---|---|---|---|---|---|---|---|---|---|---|
| Dewey Decimal Classification | Damaged | Sala Especializada Tercer Piso | Biblioteca Pública Germán Arciniegas - Villavicencio | Biblioteca Pública Germán Arciniegas - Villavicencio | 12/04/2015 | Volumen. 1 | 11/jun/2009 | 658.4 C441 5ed | 15280 | 12/04/2015 | Ej. 1 | 12/04/2015 | LIbro | ||||
| Dewey Decimal Classification | Colección General | Biblioteca Pública Vistahermosa | Biblioteca Pública Vistahermosa | 10/09/2023 | 658.1 C33i | VIS00853 | 10/09/2023 | Ej.1 | 10/09/2023 | LIbro | General |